00433 2200157 4500001002100000005001500021035002000036245007300056100001800129300002800147260004400175082000800219084001400227020002200241990001200263INLIS00000000000264520250805084610 a0010-08250000061 aMengenal Budaya Nasional :bKerajaan Nusantara /cJoko Darmawan, S.H0 aJoko Darmawan a218 hlm ;c14,5 x 21 cm aJakarta :bEsensi Erlangga Group,c2016 a900 a900 JOK m a978-602-6847-12-6 a0754890